| 000 | 01431cam a22003977a 4500 | ||
|---|---|---|---|
| 003 | CHAP | ||
| 005 | 20220329142948.0 | ||
| 008 | 050428d2002 mx r 00110 spa d | ||
| 010 | _a90199 | ||
| 011 | _a91171 | ||
| 035 | _a101729 | ||
| 040 | _cCHAP | ||
| 082 | 0 | 4 |
_a972 _bL6 2002 |
| 100 | 0 | 0 |
_aLópez Bárcenas, Francisco J. _967715 |
| 245 | 1 | 4 |
_aLos derechos indígenas y : _bla reforma constitucional en México _c/por Francisco López Bárcenas |
| 250 | _a2 ed. | ||
| 260 |
_aMéxico, D. F. : _bCentro de Orientación y Asesorias a Pueblos Indígenas, A. C., _c2002. |
||
| 300 | _a142 p. | ||
| 490 | 0 |
_aSerie : Derechos indígenas _v; 1 |
|
| 590 |
_aBATCH-UPD _b10 _c20130110 _lUCH01 _h0701 |
||
| 590 |
_aBATCH-UPD _b10 _c20130110 _lUCH01 _h2336 |
||
| 590 |
_aBATCH-UPD _b10 _c20130410 _lUCH01 _h0346 |
||
| 590 |
_aBATCH-UPD _b10 _c20130914 _lUCH01 _h1143 |
||
| 590 |
_aCONVERSION _b10 _c20130109 _lUCH01 _h1350 |
||
| 650 | 1 | 4 |
_aDerecho constitucional _xMéxico. _931886 |
| 650 | 1 | 4 |
_aDerecho constitucional _xMéxico. _931886 |
| 650 | 1 | 4 |
_aDerechos humanos _xMéxico. _931923 |
| 650 | 1 | 4 |
_aDerechos humanos _xMéxico. _931923 |
| 650 | 1 | 4 |
_aIndios de México _xLeyes. _957632 |
| 650 | 1 | 4 |
_aIndios de México _xLeyes. _957632 |
| 830 | 0 | 0 |
_aSerie : Derechos indígenas _v; 1 _9104564 |
| 901 | _aBK | ||
| 905 | _aLilia | ||
| 942 | _cLIBRO | ||
| 949 |
_a972 L6 2002 _bBC _cLIBRO _d33724000946026 _eLIBRO _gI.c/e _h105547 _i101729 _sb _t$70.00 |
||
| 999 |
_c90199 _d90199 |
||